000 00660nam a2200229Ia 4500
005 20230731132244.0
008 131103s9999 xx 000 0 und d
020 _a0-87692-792-4
_cRs. 195.00
040 _aLoreto College
041 _aEnglish
082 _a551.4
_bBLO
100 _aBloom , Arthur L
245 _aGeomorphology
_b a systematic analysis of late cenezoic landforms
_cArthur L Bloom
250 _a2nd ed.
260 _aDelhi
_bPrentice Hall
_c1991
300 _axii ,532p
_b ill. figures
504 _aSecond printing 1992
650 _aGeomorphology
651 _aGeology - Geomorphology ,Hydrosphere
850 _aLCLIB
942 _cBK
999 _c313
_d50792